Actors by Directors They've Worked With - Statistics

General Stats
  • This quiz has been taken 40 times
  • The average score is 4 of 6
Answer Stats
Director Actor % Correct
Ridley ScottRobert Redford Tony Scott David Fincher Terry Gilliam Barry Levinson Guy Ritchie Gore Verbinski Steven Soderbergh Doug Liman Wes Anderson The Coen Brothers Quentin Tarantino Terrence Malick George Miller Marc Forster Steve McQueen David Ayer Martin Scorsese Angelina Jolie Adam McKay Robert Zemeckis David Leitch Damien Chazelle John Krasinski Jon Watts Joseph Kosinski Brad Pitt
89%
Rob ReinerRobert Redford The Coen Brothers Sofia Coppola Woody Allen Michael Bay Christopher Nolan Jon Favreau Cameron Crowe Joss Whedon Spike Jonze The Russo Brothers Luc Besson Garth Jennings Wes Anderson Taika Waititi Noah Baumbach Greg Berlanti Scarlett Johansson
81%
Ron HowardGarry Marshall Penny Marshall Brian De Palma Richard Donnor Nora Ephron Jonathan Demme Robert Zemeckis John Lassetter Himself Steven Spielberg Frank Darabont Sam Mendes The Coen Brothers Mike Nichols The Wachowskis Meg Ryan Clint Eastwood Baz Luhrmann Marc Forster Wes Anderson Tom Hanks
81%
Robert RodriguezJoel Schumacher Terrence Malick Steven Soderbergh David O. Russell The Coen Brothers Himself The Russo Brothers Tony Gilroy Wes Anderson Jason Reitman Alexander Payne Alfonso Cuaron Brad Bird Jodie Foster John Krasinski Jon Watts Noah Baumbach George Clooney
64%
Tony ScottRon Howard Joel Schumacker Gus Van Sant Jane Campion Griffin Dunne Stanley Kubrick Baz Luhrmann Lars Von Trier Frank Oz Sydney Pollack Nora Ephron George Miller Noah Baumbach Rob Marshall Lee Daniels Werner Herzog Jason Bateman Yorgos Lanthimos Sofia Coppola Joel Edgerton James Wan Jay Roach Ryan Murphy Aaron Sorkin Nicole Kidman
64%
Steven SpielbergHimself David O. Russell Jake Kasdan The Farrelly Brothers Edward Norton Jay Roach Wes Anderson Danny DeVito Pauly Shore Rawson Marshall Thurber Barry Levinson Adam McKay Todd Phillips Andy Dick Shawn Levy Noah Baumbach Casey Affleck Richard Ayoade Brett Ratner Akiva Schaeffer Mike White Doug Liman Nicholas Stoller David Gordon Green Ben Stiller
33%
No matching quizzes found
Score Distribution
Percent of People with Each Score
Percentile by Number Answered
Your Score History
You have not taken this quiz